000 00782nam a2200241Ia 4500
005 20250425162508.0
008 250425s9999 xx 000 0 und d
020 _a9688175234
041 _aspa
082 _a333.7
100 _aROJAS CANALES, MARIA DEL CARMEN
245 0 _aLA CULTURA DE LA TIERRA: CONCEPTOS Y EXPERIENCIAS PARA UNA AGRICULTURA SUSTENTABLE
250 _a1A ED.
260 _aMEXICO
260 _aMéxico
_bSECRETARIA DE MEDIO AMBIENTE Y RECURSOS NATURALES, SECRETARIA DE AGRICULTURA GANADERIA, DESARROLLO RURAL PESCA Y ALIMENTACION.
_c2001
300 _a281
650 _aAGRICULTURA ECOLOGICA
650 _aAGRICULTURA SUSTENTABLE-AMERICA LATINA
650 _aAGROFORESTERIA
700 _aCABRERA TORRES, JORGE
942 _c01
010 _a78171
999 _c230382
_d230382